[Event "Eger Agria"]
[Site "Eger"]
[Date "1990.??.??"]
[Round "?"]
[White "Dovzik, Juri"]
[Black "Madl, Ildiko"]
[Result "0-1"]
[WhiteElo "2410"]
[BlackElo "2390"]
[PlyCount "32"]
[EventDate "1990.??.??"]
[EventType "tourn"]
[EventRounds "13"]
[EventCountry "HUN"]
[SourceTitle "EXT 1999"]
[Source "ChessBase"]
[SourceDate "1998.11.16"]
[SourceVersion "1"]
[SourceVersionDate "1998.11.16"]
[SourceQuality "1"]

1. e4 c5 2. c3 d6 3. d4 Nf6 4. Bd3 g6 5. Nf3 Bg7 6. O-O O-O 7. h3 Nfd7 8. d5 e5
9. dxe6 fxe6 10. Bg5 Qc7 11. Nbd2 Nc6 12. Be2 d5 13. Bh4 Nf6 14. Bg3 Qd8 15.
Qc2 Nh5 16. Bh2 Nf4 0-1

[Event "Le Havre (Women)"]
[Site "Le Havre"]
[Date "1990.??.??"]
[Round "6"]
[White "Madl, Ildiko"]
[Black "Gaprindashvili, Nona"]
[Result "1-0"]
[WhiteElo "2390"]
[BlackElo "2435"]
[PlyCount "73"]
[EventDate "1990.??.??"]
[EventType "tourn"]
[EventRounds "11"]
[EventCountry "FRA"]
[SourceTitle "EXT 2018"]
[Source "ChessBase"]
[SourceDate "2017.10.13"]
[SourceVersion "1"]
[SourceVersionDate "2017.10.13"]
[SourceQuality "1"]

1. e4 c5 2. Nf3 Nc6 3. d4 cxd4 4. Nxd4 e5 5. Nb5 d6 6. Be3 Nf6 7. N1c3 a6 8.
Na3 b5 9. Nd5 Nxd5 10. exd5 Ne7 11. c4 Nf5 12. Bd2 Qh4 13. Bd3 Be7 14. O-O O-O
15. cxb5 Nd4 16. bxa6 Bxa6 17. Bxa6 Rxa6 18. f4 Bf6 19. Nc4 Rc8 20. Be1 Qh6 21.
Ne3 Qg6 22. Ng4 Bd8 23. f5 Nxf5 24. Qd3 Ra4 25. Nxe5 dxe5 26. Qxf5 Bb6+ 27. Kh1
Qxf5 28. Rxf5 Bd4 29. Bc3 Bxc3 30. bxc3 f6 31. Rf3 e4 32. Re3 Rc5 33. Rd1 Rxa2
34. g4 Raa5 35. d6 Rd5 36. Ree1 e3 37. d7 1-0

[Event "Budapest Spring op 06th"]
[Site "Budapest"]
[Date "1990.??.??"]
[Round "5"]
[White "Madl, Ildiko"]
[Black "Loginov, Valery A"]
[Result "1-0"]
[WhiteElo "2390"]
[BlackElo "2505"]
[PlyCount "81"]
[EventDate "1990.03.??"]
[EventType "swiss"]
[EventRounds "9"]
[EventCountry "HUN"]
[SourceTitle "CBM 017 Extra"]
[Source "ChessBase"]
[SourceDate "1990.09.01"]
[SourceVersion "1"]
[SourceVersionDate "1990.09.01"]
[SourceQuality "1"]

1. e4 c5 2. Nf3 d6 3. d4 cxd4 4. Nxd4 Nf6 5. Nc3 a6 6. Be3 e5 7. Nb3 Be6 8. Qd2
Be7 9. f3 O-O 10. O-O-O Nbd7 11. Kb1 a5 12. g4 a4 13. Nc1 a3 14. b3 Qc8 15. g5
Ne8 16. Nd5 Bd8 17. Rg1 Kh8 18. Ne2 Ba5 19. Qc1 Qd8 20. Nec3 Nb6 21. Nb5 Nxd5
22. exd5 Bd7 23. Nxa3 Bc3 24. Nc4 b5 25. Nb6 Ra5 26. Rd3 b4 27. Nc4 Bf5 28.
Rxc3 Ra6 29. Rd3 Nc7 30. Bd2 Qb8 31. Qb2 Bxd3 32. Bxd3 Nxd5 33. Nxe5 Qa7 34.
Re1 Nc3+ 35. Bxc3 bxc3 36. Qxc3 Rxa2 37. Nxf7+ Kg8 38. Bc4 Ra8 39. Nd8+ Kf8 40.
Ne6+ Kg8 41. Nc7+ 1-0

[Event "HUN-chT"]
[Site "Hungary"]
[Date "1993.??.??"]
[Round "?"]
[White "Madl, Ildiko"]
[Black "Erdelyi, Tamas"]
[Result "1-0"]
[WhiteElo "2415"]
[BlackElo "2400"]
[PlyCount "103"]
[EventDate "1993.??.??"]
[EventType "team"]
[EventRounds "13"]
[EventCountry "HUN"]
[SourceTitle "TD"]
[Source "ChessBase"]
[SourceDate "1994.03.01"]
[SourceVersion "1"]
[SourceVersionDate "1994.03.01"]
[SourceQuality "1"]

1. e4 c5 2. Nf3 e6 3. d4 cxd4 4. Nxd4 a6 5. Bd3 Qc7 6. O-O Bc5 7. Nb3 Be7 8. f4
d6 9. Qe2 Nc6 10. N1d2 Nf6 11. Nf3 e5 12. f5 Bd7 13. c3 g6 14. c4 Nb4 15. Bb1
Rc8 16. Bd2 Nc6 17. Bd3 a5 18. Rac1 a4 19. Na1 Nb4 20. Bb1 Bc6 21. Kh1 Na6 22.
Bg5 O-O 23. Nd2 Nc5 24. Bh6 Rfe8 25. Rc3 Qd8 26. Rg3 Kh8 27. b4 axb3 28. Naxb3
Ncd7 29. Bd3 Rg8 30. fxg6 fxg6 31. Be3 Nh5 32. Rgf3 Bg5 33. Rd1 Bf4 34. Bg1 Qg5
35. Nf1 Qe7 36. Ne3 Bxe3 37. Bxe3 Ndf6 38. Bg1 Nf4 39. Rxf4 exf4 40. Bd4 Rgf8
41. c5 d5 42. exd5 Qxe2 43. Bxe2 Ba4 44. Bf3 Kg8 45. d6 Rb8 46. Kg1 Kf7 47.
Bxf6 Kxf6 48. Rd4 Bc6 49. Bxc6 bxc6 50. Na5 Ke6 51. d7 Rfd8 52. Rd6+ 1-0

[Event "HUN-chT"]
[Site "Hungary"]
[Date "1993.??.??"]
[Round "?"]
[White "Somlai, Laszlo"]
[Black "Madl, Ildiko"]
[Result "0-1"]
[WhiteElo "2400"]
[BlackElo "2410"]
[PlyCount "82"]
[EventDate "1993.??.??"]
[EventType "team"]
[EventRounds "13"]
[EventCountry "HUN"]
[SourceTitle "TD"]
[Source "ChessBase"]
[SourceDate "1994.03.01"]
[SourceVersion "1"]
[SourceVersionDate "1994.03.01"]
[SourceQuality "1"]

1. e4 c5 2. g3 d5 3. exd5 Qxd5 4. Nf3 Bg4 5. Bg2 Qe6+ 6. Kf1 Nc6 7. h3 Bh5 8.
Nc3 Qd7 9. d3 e6 10. Bf4 f6 11. Kg1 Nge7 12. Be3 Nf5 13. Ne5 Bxd1 14. Nxd7 Nxe3
15. Nxf8 Rxf8 16. Bxc6+ bxc6 17. Nxd1 Nxc2 18. Rc1 Nb4 19. Rxc5 Ke7 20. Kf1 Kd6
21. Rc4 Nxa2 22. Ke2 Rfb8 23. Kd2 e5 24. Ra4 Nb4 25. Ne3 c5 26. Rha1 Rb7 27.
Ra5 Kc6 28. Nc4 Rd7 29. Ke2 a6 30. R5a3 Rad8 31. Na5+ Kb5 32. Nc4 Rxd3 33. b3
e4 34. h4 h6 35. Rc1 Kc6 36. Na5+ Kb6 37. Nc4+ Ka7 38. Ra5 Rxb3 39. Rxc5 Nd3
40. Na5 Nxc1+ 41. Rxc1 Rb2+ 0-1

[Event "HUN-chT 9394"]
[Site "Hungary"]
[Date "1994.??.??"]
[Round "?"]
[White "Madl, Ildiko"]
[Black "Szabolcsi, Janos"]
[Result "1-0"]
[WhiteElo "2420"]
[BlackElo "2385"]
[PlyCount "117"]
[EventDate "1993.??.??"]
[EventType "team"]
[EventRounds "13"]
[EventCountry "HUN"]
[SourceTitle "TD"]
[Source "ChessBase"]
[SourceDate "1994.03.01"]
[SourceVersion "1"]
[SourceVersionDate "1994.03.01"]
[SourceQuality "1"]

1. e4 c6 2. d4 d5 3. Nd2 dxe4 4. Nxe4 Nd7 5. Bc4 Ngf6 6. Ng5 e6 7. Qe2 Nb6 8.
Bd3 h6 9. N5f3 c5 10. Be3 Nbd5 11. Bd2 Qb6 12. O-O-O cxd4 13. Ne5 a6 14. Nc4
Qc7 15. Nf3 Bc5 16. Kb1 Bd7 17. Nfe5 Bb5 18. Rhe1 O-O-O 19. Ba5 b6 20. Bd2 Kb8
21. Qf3 Rc8 22. Qg3 Rhg8 23. Nxf7 Rgf8 24. Qxc7+ Rxc7 25. Nfe5 Nd7 26. Nxd7+
Bxd7 27. Ne5 Bc6 28. Re2 Nf4 29. Bxf4 Rxf4 30. Be4 Bb7 31. Bxb7 Kxb7 32. Nd3
Rf6 33. Rde1 Re7 34. b4 Bd6 35. Re4 a5 36. a3 axb4 37. axb4 g5 38. Rxd4 Bxh2
39. g3 Ref7 40. Rd6 Rxf2 41. Nxf2 Bxg3 42. Rdxe6 Rxf2 43. Rh1 Rf4 44. c3 Rc4
45. Kc2 Bf2 46. Rhxh6 g4 47. Kb3 Rc7 48. Rhg6 g3 49. c4 Rf7 50. Ka4 Rc7 51. Kb5
Ka7 52. Rg8 Kb7 53. Reg6 Rd7 54. R8g7 Rc7 55. c5 bxc5 56. bxc5 Kc8 57. Rg8+ Kb7
58. Rb6+ Ka7 59. Ra6+ 1-0

[Event "Belgrade (Women)"]
[Site "Belgrade"]
[Date "1994.??.??"]
[Round "7"]
[White "Madl, Ildiko"]
[Black "Arakhamia Grant, Ketevan"]
[Result "1-0"]
[WhiteElo "2420"]
[BlackElo "2485"]
[PlyCount "65"]
[EventDate "1994.03.??"]
[EventType "tourn"]
[EventRounds "9"]
[EventCountry "YUG"]
[EventCategory "7"]
[SourceTitle "EXT 1997"]
[Source "ChessBase"]
[SourceDate "1996.11.15"]
[SourceVersion "1"]
[SourceVersionDate "1996.11.15"]
[SourceQuality "1"]

1. e4 c5 2. Nf3 Nc6 3. d4 cxd4 4. Nxd4 Nf6 5. Nc3 e5 6. Ndb5 d6 7. Bg5 a6 8.
Na3 b5 9. Bxf6 gxf6 10. Nd5 Bg7 11. g3 f5 12. exf5 e4 13. c3 Ne5 14. Qh5 Bb7
15. Rd1 b4 16. Nc4 Nf3+ 17. Ke2 bxc3 18. f6 Bxf6 19. Nxf6+ Qxf6 20. Nxd6+ Kf8
21. bxc3 Rb8 22. Qc5 Kg8 23. Nxb7 Kg7 24. Rd6 Qe7 25. Rg6+ Kf8 26. Qxe7+ Kxe7
27. Rb6 Rhd8 28. Bh3 Rd2+ 29. Ke3 Rxa2 30. Rd1 Rc2 31. Rd7+ Kf8 32. Rc7 Nd2 33.
Rf6 1-0

[Event "Belgrade (Women)"]
[Site "Belgrade"]
[Date "1994.??.??"]
[Round "8"]
[White "Bojkovic, Natasa"]
[Black "Madl, Ildiko"]
[Result "0-1"]
[WhiteElo "2410"]
[BlackElo "2420"]
[PlyCount "162"]
[EventDate "1994.03.??"]
[EventType "tourn"]
[EventRounds "9"]
[EventCountry "YUG"]
[EventCategory "7"]
[SourceTitle "EXT 1997"]
[Source "ChessBase"]
[SourceDate "1996.11.15"]
[SourceVersion "1"]
[SourceVersionDate "1996.11.15"]
[SourceQuality "1"]

1. e4 c5 2. c3 d6 3. d4 Nf6 4. dxc5 Nc6 5. f3 d5 6. exd5 Qxd5 7. Qxd5 Nxd5 8.
Bc4 e6 9. Bxd5 exd5 10. Be3 Ne5 11. b3 Nd3+ 12. Kd2 Nxc5 13. Na3 a6 14. Nc2 Bf5
15. Ne2 Bd6 16. Bf4 O-O-O 17. Bxd6 Rxd6 18. Ncd4 Bg6 19. Nf4 Ne6 20. Nfxe6 fxe6
21. Rhe1 Kd7 22. Re5 Re8 23. Rae1 b5 24. Kc1 Rb6 25. b4 Bf7 26. Nb3 Rd6 27. f4
Ke7 28. g4 Rc8 29. Kd2 Kf8 30. Nd4 Re8 31. Kc1 Rc8 32. Kb2 Re8 33. h3 g6 34.
R1e3 Rb6 35. Kc1 Rd6 36. Kd2 Rb6 37. Nb3 Rd8 38. Kd3 Kg7 39. Nc5 Kf6 40. Kd4
Rc6 41. Re1 a5 42. Rb1 Rdc8 43. Re2 R8c7 44. Re5 Rc8 45. Rf1 R6c7 46. h4 axb4
47. cxb4 Ra8 48. Rf2 Rca7 49. Ree2 h5 50. g5+ Ke7 51. Rc2 Kd6 52. Nd3 Be8 53.
Rfe2 Ra3 54. Red2 Bd7 55. Rf2 R8a4 56. Rb2 Ra8 57. Rfc2 Rf8 58. Rc3 Rxc3 59.
Kxc3 Rc8+ 60. Nc5 e5 61. fxe5+ Kxe5 62. Re2+ Kf4 63. Re7 Bf5 64. Rb7 Kg4 65.
Rxb5 Kxh4 66. Rb7 Kxg5 67. a4 Rh8 68. Re7 h4 69. a5 h3 70. Re1 Bg4 71. Kd4 Bf3
72. Nd3 h2 73. Nf2 Rb8 74. Rb1 Be2 75. Kxd5 Kf4 76. Kc5 g5 77. b5 g4 78. a6 g3
79. a7 Rc8+ 80. Kb6 gxf2 81. Kb7 Rf8 0-1

[Event "Balatonbereny op"]
[Site "Balatonbereny"]
[Date "1996.??.??"]
[Round "2"]
[White "Fogarasi, Tibor"]
[Black "Madl, Ildiko"]
[Result "0-1"]
[WhiteElo "2500"]
[BlackElo "2375"]
[PlyCount "86"]
[EventDate "1996.06.13"]
[EventType "swiss"]
[EventRounds "9"]
[EventCountry "HUN"]
[SourceTitle "CBM 053 Extra"]
[Source "ChessBase"]
[SourceDate "1996.09.01"]
[SourceVersion "1"]
[SourceVersionDate "1996.09.01"]
[SourceQuality "1"]

1. e4 c5 2. Nf3 d6 3. d4 cxd4 4. Nxd4 Nf6 5. Nc3 Nc6 6. Bg5 e6 7. Qd2 a6 8.
O-O-O Bd7 9. f3 b5 10. h4 Be7 11. g4 Qa5 12. Nb3 Qc7 13. Be3 b4 14. Na4 Rb8 15.
g5 Nh5 16. Qf2 Ne5 17. Nb6 Bb5 18. Bd4 Bxf1 19. Rhxf1 Ng6 20. Nd2 O-O 21. Kb1
Qc6 22. Nbc4 e5 23. Ba7 Ra8 24. Be3 Bd8 25. Qg2 Ngf4 26. Qg4 g6 27. Bxf4 exf4
28. e5 d5 29. Nd6 Bc7 30. Nf5 Rfe8 31. Nb3 Bxe5 32. Nfd4 Qc7 33. Rd2 a5 34.
Rfd1 a4 35. Nb5 Qc4 36. N3d4 Bxd4 37. Nxd4 a3 38. Qd7 axb2 39. Nb3 Qa6 40. Kxb2
Qxa2+ 41. Kc1 Qa3+ 42. Kb1 Ng3 43. Qb5 Re3 0-1

[Event "Augsburg"]
[Site "Augsburg"]
[Date "1998.??.??"]
[Round "?"]
[White "Madl, Ildiko"]
[Black "Schmittdiel, Eckhard"]
[Result "1-0"]
[WhiteElo "2380"]
[BlackElo "2460"]
[PlyCount "121"]
[EventDate "1998.??.??"]
[EventType "tourn"]
[EventRounds "9"]
[EventCountry "GER"]
[EventCategory "4"]
[SourceTitle "EXT 2004"]
[Source "ChessBase"]
[SourceDate "2003.11.25"]
[SourceVersion "1"]
[SourceVersionDate "2003.11.25"]
[SourceQuality "1"]

1. e4 e6 2. d4 d5 3. Nc3 Nf6 4. Bg5 Be7 5. e5 Nfd7 6. Bxe7 Qxe7 7. f4 a6 8. Nf3
c5 9. dxc5 Nc6 10. Qd2 Nxc5 11. O-O-O b5 12. Bd3 Bb7 13. Ne2 O-O 14. Kb1 b4 15.
Ned4 Nxd4 16. Nxd4 a5 17. Rhe1 f5 18. exf6 Qxf6 19. g3 Ne4 20. Qe3 a4 21. Bxe4
dxe4 22. Nb5 a3 23. Qd4 axb2 24. Qxb4 Bc6 25. c4 Rfb8 26. Re3 Qf5 27. a4 e5 28.
fxe5 Qxe5 29. Qd6 Qxd6 30. Rxd6 Be8 31. Kxb2 Rxa4 32. Kb3 Rba8 33. Nc3 Ra3+ (
33... Rb8+ 34. Nb5 Ra5) 34. Kb4 Bg6 35. h4 (35. Re2 {/\ Nxe4} Kf8 36. Nxe4
R3a4+ 37. Kc3 Ke7 38. Rb6) 35... Kf8 36. g4 (36. Re2) 36... R8a4+ 37. Kc5 Ra8
38. h5 (38. Kd4 Rb8 39. Nxe4 Rxe3 40. Kxe3 Ke7 41. Ra6) 38... Bf7 39. Kd4 Rc8 (
39... Rb8 40. Nd5 (40. Rxe4 Bxc4) (40. Nxe4 Rxe3 41. Kxe3 Bxc4) 40... Rxe3 41.
Kxe3 Re8 42. c5 Rc8 43. Kd4) 40. c5 Ra5 41. Nxe4 Ra4+ 42. Kd3 h6 43. Rd4 Ra3+
44. Ke2 Ra2+ 45. Kf3 Be8 46. Nd6 Bc6+ 47. Kf4 Rca8 48. Nf5 (48. Ke5 R2a4 49.
Rxa4 Rxa4 50. Ke6 Ra1 (50... Rxg4 51. Rb3 g5 (51... Kg8 52. Rb8+ Kh7 53. Nf7
Re4+ (53... g5 54. Ne5 Re4 55. Kd6 Ba4 56. c6 Bxc6 57. Nxc6 Rh4 58. Rb7+ Kh8
59. Ke6) 54. Ne5 Re1 55. Kd6 Be4 56. c6 Rd1+ 57. Ke7 Bxc6 (57... Rc1 58. Nd7) (
57... Re1 58. c7 Bf5 59. Rb5 Bh3 60. Rd5 Rc1 61. Kd8 Be6 62. Rd6 Bh3 63. Nd7))
52. Rb6 Ba4 53. c6)) 48... Rc2 49. Ne7 (49. Re5 Rf2+ 50. Ke3 Rf3+ 51. Ke2 Rh3)
49... Rxc5 50. Ng6+ Kg8 51. Ne7+ Kf8 52. Kg3 g5 (52... Be8 53. Rf4+ Bf7 54.
Ref3 Kxe7 55. Rxf7+ Kd6 56. Rxg7 Rg5 57. Rf6+ Ke5 58. Rxg5+) 53. hxg6 Be8 54.
Rf4+ Kg7 55. Re6 Rg5 56. Nf5+ Kh8 57. g7+ Rxg7 58. Nxg7 Kxg7 59. Kh4 (59. Re7+
Kg8 (59... Kg6 60. Rf8 Bc6 61. Re6+ Kg7 62. Rff6) 60. Kh4) 59... Rb8 60. Re7+
Kg6 (60... Kg8 61. Rf6) 61. Rf8 1-0

[Event "HUN-chT 9899"]
[Site "Hungary"]
[Date "1999.??.??"]
[Round "?"]
[White "Madl, Ildiko"]
[Black "Horvath, Tamas1"]
[Result "1-0"]
[WhiteElo "2410"]
[BlackElo "2430"]
[PlyCount "64"]
[EventDate "1998.??.??"]
[EventType "team"]
[EventRounds "12"]
[EventCountry "HUN"]
[SourceTitle "EXT 2000"]
[Source "ChessBase"]
[SourceDate "1999.11.16"]
[SourceVersion "1"]
[SourceVersionDate "1999.11.16"]
[SourceQuality "1"]

1. e4 c5 2. Nf3 d6 3. d4 cxd4 4. Nxd4 Nf6 5. Nc3 Nc6 6. Bc4 e6 7. Be3 a6 8. Bb3
Qc7 9. f4 b5 10. Nxc6 Qxc6 11. O-O Be7 12. e5 dxe5 13. fxe5 Bb7 14. Qe2 Nd7 15.
Bf4 O-O 16. Rae1 Nc5 17. Qg4 h5 18. Qe2 Bh4 19. Rd1 Rad8 20. Kh1 Rxd1 21. Nxd1
Ne4 22. Nc3 Nxc3 23. bxc3 Rc8 24. Be3 a5 25. a3 Be7 26. Bc1 h4 27. Qg4 a4 28.
Ba2 Qe4 29. Qxe4 Bxe4 30. Re1 Rxc3 31. Bb1 Bd5 32. Kg1 Bc5+ 1-0

[Event "Mitropa Cup 18th"]
[Site "Portoroz"]
[Date "1998.??.??"]
[Round "2"]
[White "Madl, Ildiko"]
[Black "Pavasovic, Dusko"]
[Result "1-0"]
[WhiteElo "2410"]
[BlackElo "2475"]
[PlyCount "156"]
[EventDate "1998.07.04"]
[EventType "team-tourn"]
[EventRounds "9"]
[EventCountry "SLO"]
[SourceTitle "EXT 1999"]
[Source "ChessBase"]
[SourceDate "1998.11.16"]
[SourceVersion "1"]
[SourceVersionDate "1998.11.16"]
[SourceQuality "1"]

1. e4 e5 2. Nf3 Nf6 3. Nxe5 d6 4. Nf3 Nxe4 5. d4 d5 6. Bd3 Nc6 7. O-O Be7 8. c4
Nf6 9. Nc3 O-O 10. cxd5 Nxd5 11. Re1 Be6 12. Be4 Bf6 13. a3 h6 14. Qd3 Nce7 15.
Bd2 c6 16. Rad1 Qc7 17. Ne5 Kh8 18. Qg3 Rac8 19. Bb1 Nxc3 20. bxc3 Qd8 21. Ng4
Bxg4 22. Qxg4 Ng8 23. Qe4 g6 24. Qf3 Bg7 25. Bf4 Qf6 26. c4 Rfd8 27. Re4 g5 28.
Qd3 Qg6 29. Bg3 Nf6 30. Re7 Qxd3 31. Rxd3 Rd7 32. Rxd7 Nxd7 33. Rb3 b5 34. Bf5
Re8 35. Kf1 bxc4 36. Rb7 Nb6 37. Rxf7 Bxd4 38. Rh7+ Kg8 39. Rxh6 Bc3 40. f3 Nd5
41. Be4 Ne3+ 42. Ke2 Nf5 43. Rg6+ Kf7 44. Rxg5 Nxg3+ 45. hxg3 Bd4 46. Ra5 Rb8
47. Ra4 Rb2+ 48. Kd1 Bc5 49. Rxc4 Bxa3 50. Rxc6 Rxg2 51. Rc7+ Kf6 52. Rxa7 Bd6
53. Ra6 Ke7 54. g4 Bf4 55. Ke1 Rb2 56. Kf1 Be3 57. Ra3 Bf4 58. Ra5 Be3 59. Ra6
Kf7 60. Rc6 Kg7 61. Rc2 Rb6 62. Rc4 Rb5 63. Ke2 Rc5 64. Ra4 Bc1 65. Bf5 Kf6 66.
f4 Rc3 67. Bd3 Kg7 68. Rd4 Rc7 69. Kf3 Bb2 70. Rd6 Ba3 71. Ra6 Bc1 72. g5 Rd7
73. Be4 Kf8 74. Kg4 Rg7 75. Bg6 Rc7 76. f5 Rc4+ 77. Kh5 Ke7 78. f6+ Kd8 1-0

[Event "Mitropa Cup 18th"]
[Site "Portoroz"]
[Date "1998.??.??"]
[Round "6"]
[White "Forster, Richard"]
[Black "Madl, Ildiko"]
[Result "0-1"]
[WhiteElo "2475"]
[BlackElo "2410"]
[PlyCount "84"]
[EventDate "1998.07.04"]
[EventType "team-tourn"]
[EventRounds "9"]
[EventCountry "SLO"]
[SourceTitle "EXT 1999"]
[Source "ChessBase"]
[SourceDate "1998.11.16"]
[SourceVersion "1"]
[SourceVersionDate "1998.11.16"]
[SourceQuality "1"]

1. e4 c5 2. Nf3 d6 3. d4 cxd4 4. Nxd4 Nf6 5. Nc3 Nc6 6. Bc4 e6 7. Be3 a6 8. Qe2
Qc7 9. O-O-O Na5 10. Bd3 b5 11. a3 Rb8 12. g4 Nd7 13. f4 Nb6 14. f5 Nbc4 15. g5
b4 16. axb4 Rxb4 17. Nb3 Nxe3 18. Qxe3 Nxb3+ 19. cxb3 Rxb3 20. Bc2 Rb4 21. Rhf1
Be7 22. f6 gxf6 23. gxf6 Bf8 24. Rg1 h5 25. Rg7 Bxg7 26. fxg7 Rg8 27. Qh6 Qc5
28. Qh8 Qg5+ 29. Rd2 Qxg7 30. Qxh5 Qe5 31. Qf3 Rg1+ 32. Bd1 Rb7 33. Kc2 Rc7 34.
Be2 Bb7 35. Bd3 Qg5 36. Qf2 Qc5 37. Qh4 Bc6 38. Rf2 Qg5 39. Qh8+ Ke7 40. Bxa6
Bxe4+ 41. Kb3 Bd5+ 42. Kb4 Bb7 0-1

[Event "Mitropa Cup 18th"]
[Site "Portoroz"]
[Date "1998.??.??"]
[Round "7"]
[White "Madl, Ildiko"]
[Black "Plachetka, Jan"]
[Result "1-0"]
[WhiteElo "2410"]
[BlackElo "2400"]
[PlyCount "91"]
[EventDate "1998.07.04"]
[EventType "team-tourn"]
[EventRounds "9"]
[EventCountry "SLO"]
[SourceTitle "EXT 1999"]
[Source "ChessBase"]
[SourceDate "1998.11.16"]
[SourceVersion "1"]
[SourceVersionDate "1998.11.16"]
[SourceQuality "1"]

1. e4 c5 2. Nf3 e6 3. d4 cxd4 4. Nxd4 a6 5. Bd3 Nf6 6. O-O d6 7. c4 g6 8. Nc3
Bg7 9. Nf3 O-O 10. Bf4 Nh5 11. Bg5 Qc7 12. Qd2 b6 13. Rfd1 Bb7 14. Be2 Nf6 15.
Qf4 Ne8 16. Qh4 Nc6 17. Rac1 f6 18. Be3 Ne7 19. Na4 Nc8 20. Nd4 Qd7 21. b3 Nc7
22. f3 Rb8 23. Qf2 Qe7 24. Bf1 f5 25. exf5 gxf5 26. Ne2 b5 27. Nb6 Nxb6 28.
Bxb6 bxc4 29. bxc4 Rbc8 30. c5 Nd5 31. cxd6 Qd7 32. Bc5 Be5 33. f4 Bb2 34. Rb1
Bf6 35. Rd2 Kh8 36. Bd4 Ba8 37. Bxf6+ Nxf6 38. Qd4 Bd5 39. Nc3 Qxd6 40. Nxd5
exd5 41. Bd3 Qa3 42. Bxf5 Rc4 43. Qe5 Rc1+ 44. Rd1 Rxd1+ 45. Rxd1 Qxa2 46. Qe7
1-0

[Event "Dresden (Women)"]
[Site "Dresden"]
[Date "1999.??.??"]
[Round "?"]
[White "Madl, Ildiko"]
[Black "Lomineishvili, Maia"]
[Result "1-0"]
[WhiteElo "2435"]
[BlackElo "2385"]
[PlyCount "75"]
[EventDate "1999.07.??"]
[EventType "tourn"]
[EventRounds "9"]
[EventCountry "GER"]
[EventCategory "1"]
[SourceTitle "EXT 2000"]
[Source "ChessBase"]
[SourceDate "1999.11.16"]
[SourceVersion "1"]
[SourceVersionDate "1999.11.16"]
[SourceQuality "1"]

1. e4 c5 2. Nf3 e6 3. d4 cxd4 4. Nxd4 a6 5. Bd3 Nf6 6. O-O d6 7. c4 b6 8. Nc3
Bb7 9. f4 Nbd7 10. Qe2 g6 11. Nf3 Qc7 12. f5 Bg7 13. fxe6 fxe6 14. Ng5 Nc5 15.
e5 dxe5 16. b4 Nxd3 17. Nxe6 Qd7 18. Nxg7+ Qxg7 19. Qxd3 O-O 20. Bg5 Rae8 21.
c5 bxc5 22. bxc5 Qd7 23. Qc4+ Kg7 24. Bxf6+ Rxf6 25. Rxf6 Kxf6 26. Rd1 Qc7 27.
Rd6+ Kg7 28. Nd5 Bxd5 29. Qxd5 Qa5 30. Rd7+ Kh6 31. h3 Qe1+ 32. Kh2 Qe3 33. Rf7
Qd4 34. Qb7 Rh8 35. Qe7 Qb4 36. a3 Qe1 37. c6 e4 38. c7 1-0

[Event "CRO-chT (Women)"]
[Site "Pula"]
[Date "1999.09.12"]
[Round "4"]
[White "Madl, Ildiko"]
[Black "Cosma, Elena Luminita"]
[Result "1-0"]
[WhiteElo "2435"]
[BlackElo "2388"]
[PlyCount "81"]
[EventDate "1999.09.05"]
[EventType "team"]
[EventRounds "9"]
[EventCountry "CRO"]
[SourceTitle "EXT 2000"]
[Source "ChessBase"]
[SourceDate "1999.11.16"]
[SourceVersion "1"]
[SourceVersionDate "1999.11.16"]
[SourceQuality "1"]

1. e4 c5 2. Nf3 Nc6 3. d4 cxd4 4. Nxd4 Qc7 5. Nc3 e6 6. Be3 a6 7. Qd2 b5 8.
Nxc6 Qxc6 9. f3 Bb7 10. O-O-O Nf6 11. g4 b4 12. Ne2 d5 13. Bd4 Qc7 14. Bxf6
gxf6 15. Ng3 O-O-O 16. Bd3 h5 17. Qe2 h4 18. Nh5 a5 19. exd5 Rxd5 20. Be4 Rxd1+
21. Rxd1 Be7 22. Bxb7+ Qxb7 23. Qc4+ Qc7 24. Qa6+ Kb8 25. Qb5+ Kc8 26. Rd4 Qa7
27. c3 bxc3 28. bxc3 f5 29. Qc6+ Kb8 30. Rd7 Ba3+ 31. Kc2 Qf2+ 32. Rd2 Qc5 33.
Qxc5 Bxc5 34. Nf6 Be3 35. Rd7 Bf4 36. h3 fxg4 37. fxg4 Bg3 38. Rxf7 Rc8 39. g5
Be1 40. Ne4 Rc4 41. g6 1-0

[Event "BL 9900 (Women)"]
[Site "Germany"]
[Date "1999.10.16"]
[Round "1.2"]
[White "Schleining, Zoya"]
[Black "Madl, Ildiko"]
[Result "0-1"]
[WhiteElo "2379"]
[BlackElo "2435"]
[PlyCount "98"]
[EventDate "1999.10.16"]
[EventType "team-tourn"]
[EventRounds "11"]
[EventCountry "GER"]
[SourceTitle "EXT 2000"]
[Source "ChessBase"]
[SourceDate "1999.11.16"]
[SourceVersion "1"]
[SourceVersionDate "1999.11.16"]
[SourceQuality "1"]
[WhiteTeam "Emsdetten Turm"]
[BlackTeam "Halle USV"]
[WhiteTeamCountry "GER"]
[BlackTeamCountry "GER"]

1. Nf3 d5 2. c4 c6 3. e3 Nf6 4. Nc3 e6 5. d4 Nbd7 6. Qc2 Bd6 7. Be2 dxc4 8.
Bxc4 O-O 9. O-O a6 10. Rd1 b5 11. Bb3 Qc7 12. e4 e5 13. Bg5 exd4 14. Bxf6 Nxf6
15. Rxd4 Ng4 16. h3 Ne5 17. Nxe5 Bxe5 18. Rd2 Bb7 19. Rad1 Rad8 20. a4 g6 21.
axb5 axb5 22. Rd3 Qe7 23. Qd2 Rxd3 24. Qxd3 Qf6 25. Qe3 Rd8 26. Qa7 Rxd1+ 27.
Nxd1 Qe7 28. Ne3 Bxb2 29. Ng4 Kg7 30. Qe3 Bc8 31. Qd2 Be5 32. Qh6+ Kg8 33.
Bxf7+ Kxf7 34. Qxh7+ Bg7 35. Nh6+ Ke8 36. Qxg6+ Kf8 37. Qxc6 Bd7 38. Qa8+ Qe8
39. Qa3+ Qe7 40. Qa8+ Be8 41. Nf5 Qe5 42. f4 Qxf4 43. Qa3+ Kg8 44. Qb3+ Kh7 45.
Qe6 Qc1+ 46. Kh2 Qc7+ 47. Nd6 Bg6 48. e5 Qc5 49. Nf5 Qxe5+ 0-1

[Event "EU-chT (Women) 3rd"]
[Site "Batumi"]
[Date "1999.12.04"]
[Round "6.1"]
[White "Madl, Ildiko"]
[Black "Peptan, Corina Isabela"]
[Result "1-0"]
[WhiteElo "2435"]
[BlackElo "2419"]
[PlyCount "85"]
[EventDate "1999.11.06"]
[EventType "team-swiss"]
[EventRounds "9"]
[EventCountry "GEO"]
[SourceTitle "CBM 073 Extra"]
[Source "ChessBase"]
[SourceDate "2000.01.11"]
[SourceVersion "1"]
[SourceVersionDate "2000.01.11"]
[SourceQuality "1"]
[WhiteTeam "Hungary (W)"]
[BlackTeam "Romania (W)"]
[WhiteTeamCountry "HUN"]
[BlackTeamCountry "ROU"]

1. e4 c5 2. Nf3 Nc6 3. d4 cxd4 4. Nxd4 Nf6 5. Nc3 d6 6. Bc4 Qb6 7. Nb3 e6 8.
Be2 a6 9. g4 h6 10. Be3 Qc7 11. f4 b5 12. a3 Bb7 13. Bf3 Nd7 14. Qe2 Nb6 15.
Bxb6 Qxb6 16. O-O-O g5 17. e5 O-O-O 18. exd6 Bxd6 19. f5 exf5 20. gxf5 Kb8 21.
Kb1 Qc7 22. Qg2 Qc8 23. Rhe1 Be5 24. Nc5 Bxc3 25. Nxb7 Bxe1 26. Nxd8 Rxd8 27.
Rxe1 Nd4 28. f6 Qf5 29. Qg3+ Qf4 30. Bh5 Qxg3 31. hxg3 Nf5 32. Bxf7 Kc7 33. Bg6
Nd6 34. Re7+ Kb6 35. f7 g4 36. Re8 Nxf7 37. Bxf7 Rd1+ 38. Ka2 Rf1 39. Bh5 Rf3
40. Re4 Rxg3 41. Rxg4 Rh3 42. Rg6+ Ka7 43. Rxh6 1-0